skbl

Dr Suryya Kumar Bhuyan Library Web-OPAC
ডঃ সূৰ্য্য
কুমাৰ ভূঞা পুথিভঁৰাল ৱেব-অ'পেক

All Research Scholars are advised to clear the annual library fees to continue using Library Resources, Remote Access, Plagiarism Test and Library Clearance.

Cotton University Book Fair 2026

Life and times of chopin / (Record no. 636)

MARC details
000 -LEADER
fixed length control field 00606nam a2200253Ia 4500
001 - CONTROL NUMBER
control field 638
005 - DATE AND TIME OF LATEST TRANSACTION
control field 20240113233422.0
007 - PHYSICAL DESCRIPTION FIXED FIELD--GENERAL INFORMATION
fixed length control field ta
008 - FIXED-LENGTH DATA ELEMENTS--GENERAL INFORMATION
fixed length control field 160829s1968 ii a g b000 u 465 u
020 ## - INTERNATIONAL STANDARD BOOK NUMBER
Terms of availability HB
040 ## - CATALOGING SOURCE
Original cataloging agency Ref. stack
041 ## - LANGUAGE CODE
Language code of text/sound track or separate title eng
082 ## - DEWEY DECIMAL CLASSIFICATION NUMBER
Classification number 780.92
Item number Ha 17 Li
100 ## - MAIN ENTRY--PERSONAL NAME
Personal name Hamlyn, Paul .
245 #0 - TITLE STATEMENT
Title Life and times of chopin /
Statement of responsibility, etc. Paul Hamlyn.
Medium Textual Documents
250 ## - EDITION STATEMENT
Edition statement 2nd ed /
260 ## - PUBLICATION, DISTRIBUTION, ETC.
Place of publication, distribution, etc. London :
Name of publisher, distributor, etc. Hamlyn ,
Date of publication, distribution, etc. 1968.
300 ## - PHYSICAL DESCRIPTION
Extent 75p. :
Other physical details ill ;
Dimensions 29cm .
653 ## - INDEX TERM--UNCONTROLLED
Uncontrolled term Chopin
700 ## - ADDED ENTRY--PERSONAL NAME
Personal name Orlandi, Enzo .
942 ## - ADDED ENTRY ELEMENTS (KOHA)
Source of classification or shelving scheme Dewey Decimal Classification
Koha item type Books
Holdings
Withdrawn status Lost status Damaged status Not for loan Home library Current library Date acquired Coded location qualifier Total checkouts Full call number Barcode Date last seen Copy number Price effective from Koha item type
        Dr. Suryya Kumar Bhuyan Library Dr. Suryya Kumar Bhuyan Library 01/02/2012 00000   780.92 Ha 17 Li 77074/50 13/01/2024 1 01/02/2012 Books

Designed and Maintained by Team SKBL
©1901-2026

Powered by Koha